[Event "HUN-chT2 Toth 0304"]
[Site "Hungary"]
[Date "2003.09.28"]
[Round "1"]
[White "Botta, Judit"]
[Black "Kalman, Laszlo"]
[Result "1/2-1/2"]
[WhiteElo "2041"]
[BlackElo "2073"]
[PlyCount "20"]
[EventDate "2003.09.28"]
[EventType "team-tourn"]
[EventRounds "11"]
[EventCountry "HUN"]
[SourceTitle "EXT 2009"]
[Source "ChessBase"]
[SourceDate "2008.11.26"]
[SourceVersion "1"]
[SourceVersionDate "2008.11.26"]
[SourceQuality "1"]
[WhiteTeam "Takisz"]
[BlackTeam "Karcag"]
[WhiteTeamCountry "HUN"]
[BlackTeamCountry "HUN"]

1. e4 c5 2. Nf3 d6 3. d4 cxd4 4. Nxd4 Nf6 5. Nc3 a6 6. Be2 e5 7. Nb3 Be7 8. Be3 Be6 9. 0-0 d5 10. exd5 Nxd5 1/2-1/2

[Event "Miskolc Avas op 7th"]
[Site "Miskolc"]
[Date "2002.07.25"]
[Round "3"]
[White "Kalman, Laszlo"]
[Black "Ligart, Tamas"]
[Result "1/2-1/2"]
[WhiteElo "2035"]
[BlackElo "2253"]
[PlyCount "165"]
[EventDate "2002.07.??"]
[EventType "swiss"]
[EventRounds "7"]
[EventCountry "HUN"]
[SourceTitle "EXT 2004"]
[Source "ChessBase"]
[SourceDate "2003.11.25"]
[SourceVersion "1"]
[SourceVersionDate "2003.11.25"]
[SourceQuality "1"]

1. e4 Nf6 2. Nc3 d5 3. exd5 Nxd5 4. Nxd5 Qxd5 5. Qf3 Qxf3 6. Nxf3 Nc6 7. Bc4 Bf5 8. c3 e5 9. Bd5 Bd6 10. Bxc6+ bxc6 11. d4 exd4 12. Nxd4 Bd7 13. Be3 0-0 14. 0-0-0 f5 15. Nb3 Be6 16. Bc5 Bd5 17. f3 Bf4+ 18. Kc2 Rfe8 19. Nd4 g6 20. b3 a5 21. c4 Bf7 22. Nxc6 Re2+ 23. Kc3 Rxg2 24. Ne7+ Kg7 25. Bd4+ Kh6 26. a3 Bd6 27. Be3+ f4 28. Rxd6 cxd6 29. Bxf4+ Kg7 30. Bxd6 Re2 31. Bc5 Be6 32. Kd3 Ra2 33. Nc6 a4 34. Nd4 Bf7 35. bxa4 Rxa4 36. Bb4 R4xa3+ 37. Bxa3 Rxa3+ 38. Ke4 Bxc4 39. Ke5 Ra5+ 40. Kf4 Rh5 41. h4 h6 42. Kg4 Rd5 43. Nc2 Rd2 44. Ne3 Be6+ 45. Kg3 Rd3 46. Re1 h5 47. Kf4 Kf6 48. Re2 Ra3 49. Rd2 Ra1 50. Nd5+ Kf7 51. Ne3 Rh1 52. Ng2 Rh3 53. Rd3 Bc4 54. Rc3 Bf1 55. Ne3 Be2 56. Ng2 Kg7 57. Ne1 Kh6 58. Rc2 Bf1 59. Ng2 Bxg2 60. Rxg2 Rxh4+ 61. Kg3 Rh1 62. Ra2 Rg1+ 63. Kh3 Rg5 64. Ra3 Rf5 65. Kg3 Kg5 66. Ra4 Rd5 67. Rh4 Kf5 68. Re4 Rd1 69. Ra4 Re1 70. Ra5+ Re5 71. Ra4 g5 72. Rb4 h4+ 73. Kh3 Re3 74. Kg2 Re2+ 75. Kg1 Rc2 76. Ra4 Rd2 77. Rb4 Ke5 78. Re4+ Kf6 79. Ra4 Rd5 80. Rb4 Rf5 81. Kg2 h3+ 82. Kxh3 Rxf3+ 83. Kg4 1/2-1/2

[Event "Budapest-ch rap"]
[Site "Budapest"]
[Date "1996.??.??"]
[Round "?"]
[White "Csom, Etelka"]
[Black "Kalman, Laszlo"]
[Result "1-0"]
[WhiteElo "2325"]
[BlackElo "2010"]
[PlyCount "29"]
[EventDate "1996.??.??"]
[EventType "swiss"]
[EventRounds "7"]
[EventCountry "HUN"]
[SourceTitle "EXT 2006"]
[Source "ChessBase"]
[SourceDate "2005.11.24"]
[SourceVersion "1"]
[SourceVersionDate "2005.11.24"]
[SourceQuality "1"]

1. e4 e6 2. d4 d5 3. Nc3 dxe4 4. Nxe4 Qd5 5. Nc3 Bb4 6. Nf3 Nf6 7. Be2 Ne4 8. Qd3 c5 9. 0-0 Bxc3 10. bxc3 cxd4 11. c4 Qf5 12. Nxd4 Qg6 13. Nb5 Na6 14. Qxe4 Qxe4 15. Nd6+ 1-0